000 00675nam a2200289Ia 4500
005 20260324141916.0
008 008 260324s9999 xx 000 0 eng d
020 _a9780203133033
037 _aEBOOK
040 _aCRL
040 _beng
040 _cCRL
041 _2eng
041 _aeng
084 _qCRL
100 _aJ. A. S. Evans
_91209967
245 4 _aThe Age of Justinian
245 4 _bThe Circumstances of Imperial Power
260 _bTaylor and Francis
260 _c1996
365 _a
365 _b230
856 _uhttp://www.taylorfrancis.com/books/9780203133033
942 _cEBOOK
999 _c1813556
_d1813556